| 000 | 01216cam a22003377a 4500 | ||
|---|---|---|---|
| 003 | CHAP | ||
| 005 | 20220329142003.0 | ||
| 008 | 981109d1998 mx r 00110 spa d | ||
| 010 | _a76670 | ||
| 011 | _a77642 | ||
| 035 | _a87251 | ||
| 040 | _cCHAP | ||
| 090 | _aTesis | ||
| 100 | 0 | 0 |
_aGutiérrez González, Gabriel. _951710 |
| 245 | 1 | 0 |
_aFactibilidad técnica y financiera de la adquisición de una empresa agropecuaria en General Escobedo, Nuevo León _c/por Gabriel Gutiérrez González |
| 260 |
_aChapingo, Méx. : _bEl autor, _c1998. |
||
| 300 |
_a80 h. : _bcuadros |
||
| 502 | _aTesis (Ing. Agr. Esp. en Zootecnia) -- UACH. Departamento de Zootecnia | ||
| 590 |
_aALEPH _b10 _c20130110 _lUCH01 _h1426 |
||
| 590 |
_aBATCH-UPD _b10 _c20130110 _lUCH01 _h1257 |
||
| 590 |
_aBATCH-UPD _b10 _c20130410 _lUCH01 _h0816 |
||
| 590 |
_aBATCH-UPD _b10 _c20130914 _lUCH01 _h1328 |
||
| 590 |
_aCONVERSION _b10 _c20130109 _lUCH01 _h1342 |
||
| 650 | 1 | 4 |
_aEstudios de factibilidad. _938520 |
| 650 | 1 | 4 |
_aProyectos _xEvaluación. _992525 |
| 901 | _aBK | ||
| 905 | _aMa. del Socorro Iturbe C. | ||
| 942 | _cFOLL | ||
| 949 |
_bBC _cTES _d33724000705984 _eTS2 _fc.2 _h33071 _i87251 _sb |
||
| 949 |
_bBC _cTES _d872511 _eTS1 _h33070 _i87251 _sb |
||
| 999 |
_c76670 _d76670 |
||